[Event "Pan American-ch School U17 12th"]
[Site "Callao"]
[Date "2023.10.21"]
[Round "9"]
[White "Vasquez Alva, Marco Joaquin"]
[Black "Villafuerte Mamani, Khalid Stephano"]
[Result "0-1"]
[WhiteElo "1116"]
[BlackElo "1689"]
[PlyCount "78"]
[EventDate "2023.10.16"]
[EventType "swiss"]
[EventRounds "9"]
[EventCountry "PER"]
[SourceTitle "Mega2024 Update 01"]
[Source "Chessbase"]
[SourceDate "2023.11.12"]
[SourceVersion "1"]
[SourceVersionDate "2023.11.12"]
[SourceQuality "1"]

1. e4 e6 2. d4 d5 3. Nc3 Bb4 4. exd5 exd5 5. Bd2 Nf6 6. Bd3 0-0 7. Nge2 b6 8. a3 Be7 9. b4 a5 10. b5 c5 11. bxc6 Nxc6 12. 0-0 Ba6 13. Bf4 Nh5 14. Bxa6 Rxa6 15. Qd3 Ra8 16. Qb5 Nxf4 17. Qxc6 Rc8 18. Qa4 Rc4 19. Qb3 a4 20. Qb2 Nxe2+ 21. Nxe2 Bd6 22. h3 Re8 23. c3 f5 24. Rfb1 Bc7 25. Ra2 Rc6 26. Qc2 Rce6 27. Qd3 Qd6 28. g3 Re4 29. Qb5 g5 30. f4 Qe6 31. Rbb2 Re3 32. Qxa4 Rf3 33. Kg2 gxf4 34. gxf4 Re3 35. Qd1 Qg6+ 36. Kh2 Bxf4+ 37. Nxf4 Qg3+ 38. Kh1 Re1+ 39. Qxe1 Rxe1# 0-1

[Event "Pan American-ch School U17 12th"]
[Site "Callao"]
[Date "2023.10.19"]
[Round "7"]
[White "Villafuerte Mamani, Khalid Stephano"]
[Black "Huallpa Fernandez, Hector Manuel"]
[Result "1/2-1/2"]
[WhiteElo "1689"]
[BlackElo "1643"]
[PlyCount "79"]
[EventDate "2023.10.16"]
[EventType "swiss"]
[EventRounds "9"]
[EventCountry "PER"]
[SourceTitle "Mega2024 Update 01"]
[Source "Chessbase"]
[SourceDate "2023.11.12"]
[SourceVersion "1"]
[SourceVersionDate "2023.11.12"]
[SourceQuality "1"]

1. e4 c5 2. Nc3 Nc6 3. g3 g6 4. Bg2 Bg7 5. d3 d6 6. f4 e6 7. Nf3 Nge7 8. 0-0 0-0 9. Be3 Nd4 10. e5 Nef5 11. Bf2 Rb8 12. Ne4 Nxf3+ 13. Qxf3 h5 14. Bh3 dxe5 15. Bxc5 Re8 16. Bxf5 exf5 17. Nd6 Re6 18. fxe5 Bxe5 19. Nc4 b6 20. Nxe5 Bb7 21. Qf4 bxc5 22. Rae1 Qd5 23. Nf3 Rbe8 24. Rxe6 Rxe6 25. c4 Qd7 26. Re1 Bxf3 27. Rxe6 fxe6 28. Qxf3 Qd4+ 29. Kh1 Kh7 30. Qe2 e5 31. Kg2 Kg7 32. a3 a5 33. Qf2 Kf6 34. Qc2 g5 35. Qb3 f4 36. Qb6+ Kf5 37. Qb7 Kf6 38. Qc6+ Ke7 39. Qc7+ Kf6 40. Qc6+ 1/2-1/2

[Event "Pan American-ch School U17 12th"]
[Site "Callao"]
[Date "2023.10.17"]
[Round "3"]
[White "Villafuerte Mamani, Khalid Stephano"]
[Black "Reyes Zavaleta, Fabian Ricardo"]
[Result "0-1"]
[WhiteElo "1689"]
[BlackElo "2125"]
[PlyCount "76"]
[EventDate "2023.10.16"]
[EventType "swiss"]
[EventRounds "9"]
[EventCountry "PER"]
[SourceTitle "Mega2024 Update 01"]
[Source "Chessbase"]
[SourceDate "2023.11.12"]
[SourceVersion "1"]
[SourceVersionDate "2023.11.12"]
[SourceQuality "1"]

1. e4 c5 2. Nc3 Nc6 3. g3 g6 4. Bg2 Bg7 5. d3 d6 6. f4 e6 7. Nf3 Nge7 8. 0-0 0-0 9. Be3 Rb8 10. Qd2 b6 11. d4 d5 12. exd5 exd5 13. Bf2 c4 14. Ne5 Be6 15. h3 f6 16. Nxc6 Nxc6 17. f5 Bf7 18. Be3 g5 19. Bf3 Re8 20. Rae1 b5 21. Qg2 Ne7 22. Bf2 Qd7 23. g4 b4 24. Ne2 Qa4 25. Bg3 Rbd8 26. Nc1 Bf8 27. Kh2 Nc8 28. Rxe8 Qxe8 29. Re1 Qc6 30. h4 h6 31. hxg5 hxg5 32. Re3 Nd6 33. Ne2 Nb5 34. Qf2 Qa6 35. Nc1 Nxd4 36. b3 Bc5 37. Qg2 Nxf5 38. Re1 Nxg3 0-1

[Event "PER-ch"]
[Site "Lima"]
[Date "2023.08.31"]
[Round "4"]
[White "Gaspar Guevara, Darling Yasmin"]
[Black "Villafuerte Mamani, Khalid Stephano"]
[Result "0-1"]
[WhiteElo "1359"]
[BlackElo "1637"]
[PlyCount "71"]
[EventDate "2023.08.29"]
[EventType "swiss"]
[EventRounds "9"]
[EventCountry "PER"]
[SourceTitle "EXT 2024"]
[Source "ChessBase"]
[SourceDate "2023.10.10"]
[SourceVersion "1"]
[SourceVersionDate "2023.10.10"]
[SourceQuality "1"]

1. e4 e6 2. d4 d5 3. Nd2 dxe4 4. Nxe4 Nd7 5. Nf3 Ngf6 6. Bg5 Be7 7. Bd3 0-0 8. 0-0 b6 9. c3 Bb7 10. Qc2 h6 11. Nxf6+ Nxf6 12. Bxf6 Bxf6 13. Be4 Bd5 14. Rad1 c6 15. c4 Bxe4 16. Qxe4 Qd6 17. b3 Rfd8 18. Rd2 b5 19. Rfd1 bxc4 20. bxc4 Rab8 21. g3 Rb4 22. Ne5 Rc8 23. c5 Qc7 24. f4 a5 25. a3 Rb5 26. Nc4 Rcb8 27. Nb6 Bd8 28. Nc4 Rb3 29. Qc2 a4 30. Rd3 Qd7 31. Ne5 Qd5 32. Qc4 Rxd3 33. Qxd3 Rb3 34. Qc4 Qe4 35. Qxa4 Rb2 36. Nd3 0-1

[Event "PER-ch"]
[Site "Lima"]
[Date "2023.08.30"]
[Round "2"]
[White "Moscoso Tellez, Joe Goldtie Marshal"]
[Black "Villafuerte Mamani, Khalid Stephano"]
[Result "0-1"]
[WhiteElo "1290"]
[BlackElo "1637"]
[PlyCount "58"]
[EventDate "2023.08.29"]
[EventType "swiss"]
[EventRounds "9"]
[EventCountry "PER"]
[SourceTitle "EXT 2024"]
[Source "ChessBase"]
[SourceDate "2023.10.10"]
[SourceVersion "1"]
[SourceVersionDate "2023.10.10"]
[SourceQuality "1"]

1. e4 e6 2. d4 d5 3. e5 c5 4. c3 Nc6 5. Nf3 Nge7 6. a3 Nf5 7. Be3 Qb6 8. b4 Nxe3 9. fxe3 cxb4 10. axb4 Be7 11. Bd3 Bd7 12. 0-0 Nd8 13. Qe2 Rc8 14. Nfd2 a6 15. Nb3 Bb5 16. Bxb5+ axb5 17. Qd3 0-0 18. Na3 Bg5 19. Rf3 f6 20. exf6 Rxf6 21. Rxf6 gxf6 22. Kf2 Qc7 23. Nxb5 Qxh2 24. Qf1 Nc6 25. Qh1 Bh4+ 26. Ke2 Qg3 27. Qh3 Qf2+ 28. Kd3 Nxb4+ 29. cxb4 Qc2# 0-1